LEADER 03644nam 2200673Ia 450 001 9910452505803321 005 20200520144314.0 010 $a1-282-86430-0 010 $a9786612864308 010 $a0-7735-7420-4 035 $a(CKB)1000000000520932 035 $a(EBL)3330990 035 $a(SSID)ssj0000277653 035 $a(PQKBManifestationID)11954851 035 $a(PQKBTitleCode)TC0000277653 035 $a(PQKBWorkID)10240932 035 $a(PQKB)10094366 035 $a(CaPaEBR)400458 035 $a(CaBNvSL)jme00326166 035 $a(MiAaPQ)EBC3244599 035 $a(MiAaPQ)EBC3330990 035 $a(Au-PeEL)EBL3330990 035 $a(CaPaEBR)ebr10141661 035 $a(CaONFJC)MIL286430 035 $a(OCoLC)929121295 035 $a(EXLCZ)991000000000520932 100 $a19990622d1999 uy 0 101 0 $aeng 135 $aur|n|---||||| 181 $ctxt 182 $cc 183 $acr 200 10$aCancer stories$b[electronic resource] $eon life and suffering /$fDavid M. Gregory and Cynthia K. Russell 210 $aOttawa $cPublished for Carleton University by McGill-Queen's University Press$dc1999 215 $a1 online resource (200 p.) 300 $aDescription based upon print version of record. 311 $a0-88629-354-5 311 $a0-88629-359-6 320 $aIncludes bibliographical references (p. [187]-189). 327 $a""CONTENTS""; ""ACKNOWLEDGEMENTS""; ""1. CANCER: SUFFERING IN SILENCE""; ""Cancer: The Disease""; ""Changes in the Praxis of Science: Qualitative Research""; ""Suffering and Cancer""; ""The Illness Experience as a Source of Suffering""; ""Knowing Suffering through Cancer""; ""Lessons Learned and the ""Gifts"" Offered""; ""A Word of Advice to the Reader""; ""2. CANCER PATHS: THE SCIENCE""; ""Breast Cancer""; ""The Statistics""; ""Treating Breast Cancer""; ""Living with Breast Cancer""; ""Ovarian Cancer""; ""The Statistics""; ""The Nature of Ovarian Cancer""; ""Treating Ovarian Cancer"" 327 $a""Living with Ovarian Cancer""""Malignant Melanoma""; ""The Statistics""; ""Treating Malignant Melanoma""; ""Living with Malignant Melanoma""; ""3. THE CANCER STORIES""; ""Construction of the Narratives""; ""Untold Suffering: Courage of the Human Spirit""; ""4. JULIA""; ""Living in a State of Uncertainty: Breast Cancer""; ""Lessons Learned: Julia's Gifts to Us""; ""5. SARAH""; ""Running the Distance: Breast Cancer""; ""Lessons Learned: Sarah's Gifts to Us""; ""6. MADELINE""; ""Living on Trust: Breast Cancer""; ""Lessons Learned: Madeline's Gifts to Us""; ""7. KAY"" 327 $a""Faith in a Cure: Ovarian Cancer""""Lessons Learned: Kay's Gifts to Us""; ""8. JOHN""; ""A Lonely Journey: Malignant Melanoma""; ""Lessons Learned: John's Gifts to Us""; ""9. CANCER: ON LIFE AND SUFFERING""; ""Knowing Cancer: Listening to Those Who Journey""; ""Cancer: Suffering within the Context of Lives""; ""Life and the Work of Suffering""; ""Meaning in the Cancer Experience""; ""Living Fully with Cancer""; ""Lessons Learned and Gifts Shared""; ""NOTES"" 606 $aCancer$xPatients$vBiography 606 $aCancer$xPsychological aspects 606 $aSuffering 608 $aElectronic books. 615 0$aCancer$xPatients 615 0$aCancer$xPsychological aspects. 615 0$aSuffering. 676 $a362.1/96994 700 $aGregory$b David Michael$f1958-$0980809 701 $aRussell$b Cynthia K$g(Cynthia Kay),$f1958-$0980810 801 0$bMiAaPQ 801 1$bMiAaPQ 801 2$bMiAaPQ 906 $aBOOK 912 $a9910452505803321 996 $aCancer stories$92238226 997 $aUNINA LEADER 02814nam 22006495 450 001 9910162986503321 005 20230807210826.0 010 $a9783110934984 010 $a3110934981 024 7 $a10.1515/9783110934984 035 $a(CKB)3360000000513704 035 $a(SSID)ssj0001596817 035 $a(PQKBManifestationID)16298019 035 $a(PQKBTitleCode)TC0001596817 035 $a(PQKBWorkID)14885420 035 $a(PQKB)10805916 035 $a(MiAaPQ)EBC4793881 035 $a(DE-B1597)46070 035 $a(OCoLC)979735799 035 $a(DE-B1597)9783110934984 035 $a(Perlego)1137423 035 $a(Au-PeEL)EBL4793881 035 $a(CaPaEBR)ebr11334780 035 $a(CaONFJC)MIL939304 035 $a(OCoLC)971365808 035 $a(EXLCZ)993360000000513704 100 $a20190708d2015 fg 101 0 $ager 135 $aurcnu|||||||| 181 $ctxt 182 $cc 183 $acr 200 10$aReisen in die Neue Welt $eDie Erfahrung Nordamerikas in der deutschen Reise- und Auswandererberichten des 19. Jahrhunderts /$fPeter J. Brenner 205 $aReprint 2015 210 1$aTübingen : $cMax Niemeyer Verlag, $d[2015] 210 4$d©1991 215 $a1 online resource (460 pages) 225 0 $aStudien und Texte zur Sozialgeschichte der Literatur ;$v35 300 $aBibliographic Level Mode of Issuance: Monograph 311 08$a9783484350359 311 08$a3484350350 320 $aIncludes bibliographical references. 327 $tFrontmatter -- $tInhalt -- $tEinleitung: Probleme der Reiseliteraturforschung -- $tERSTER TEIL. Reiseformen: Das Verharren in der Tradition -- $tEinleitung: Der traditionalistische Reisebericht -- $tKAPITEL I. Der Auswanderer: Aufbruch ins »Land der Verheissung« -- $tKAPITEL II. Der Abenteurer: Ordnung und Freiheit -- $tKAPITEL III. Der Wissenschaftler: Reisen in den Westen -- $tZWEITER TEIL. Besichtigung eines Kontinents: Die Erfahrung der Modernisierung -- $tEinleitung: Reisen in die moderne Welt -- $tKAPITEL I. Die Erfahrung der Wirklichkeit: Amerika und die Amerikaner -- $tKAPITEL II. Das Land der Zukunft: Politische, gesellschaftliche und soziale Probleme des Fortschritts -- $tBibliographie -- $tRegister 330 $aKeine ausführliche Beschreibung für "Reisen in die Neue Welt" verfügbar. 410 0$aStudien und Texte zur Sozialgeschichte der Literatur ;$vBand 35. 606 $aGermans$zUnited States 607 $aUnited States$xEmigration and immigration 607 $aUnited States$xDescription and travel 615 0$aGermans 676 $a325.2720973 700 $aBrenner$b Peter J., $0221350 801 0$bDE-B1597 801 1$bDE-B1597 906 $aBOOK 912 $a9910162986503321 996 $aReisen in die Neue Welt$92862569 997 $aUNINA